书目信息 |
| 题名: |
固体科学中的空间群
|
|
| 作者: | 本斯 , Burns , Glazer , 格莱泽 著 ;俞文海 , 周贵恩 译 | |
| 分册: | ||
| 出版信息: | 北京 高等教育出版社 1981 |
|
| 页数: | 300页 | |
| 开本: | 21cm | |
| 丛书名: | ||
| 单 册: | ||
| 中图分类: | O711 | |
| 科图分类: | ||
| 主题词: | 空间群-固体 , 固体-空间群 | |
| 电子资源: | ||
| ISBN: | ||
| 000 | 00993nam0 2200325 45 | |
| 001 | 0181004978 | |
| 005 | 20060817165745.95 | |
| 010 | @dCNY1.50 | |
| 091 | @aCN@b13101.0704 | |
| 100 | @a19950623d1981 emky0chiy0121 ea | |
| 101 | 1 | @achi@ceng |
| 102 | @aCN@b110000 | |
| 105 | @ay z000yy | |
| 200 | 10 | @a固体科学中的空间群@Agu ti ke xue zhong de kong jian qun@f(美)本斯(G.Burns),格莱泽(A.M.Galzer)著@g俞文海,周贵恩译 |
| 210 | @a北京@c高等教育出版社@d1981 | |
| 215 | @a300页@d21cm | |
| 300 | @a书名原文:Space Groups for Solids State Scienstits. | |
| 510 | 1 | @aSpace Groups for Solids State Scienstits.@zeng |
| 606 | @a空间群-固体 | |
| 606 | @a固体-空间群 | |
| 690 | @aO711@v3 | |
| 701 | 1 | @a本斯@Aben si@bG.@4著 |
| 701 | A1 | @aBurns@bG.@4著 |
| 701 | A1 | @aGlazer@bA.M.@4著 |
| 701 | 1 | @a格莱泽@Age lai ze@bA.M.@4著 |
| 702 | 0 | @a俞文海@Ayu wen hai@4译 |
| 702 | 0 | @a周贵恩@Azhou gui en@4译 |
| 801 | 2 | @aCN@bNLC@c20060817 |
| 801 | 0 | @aCN@bTSSF |
| 905 | @a10447@dO711@e12 | |
| 固体科学中的空间群/(美)本斯(G.Burns),格莱泽(A.M.Galzer)著/俞文海,周贵恩译.-北京:高等教育出版社,1981 |
| 300页;21cm |
| 书名原文:Space Groups for Solids State Scienstits. |
| ISBN :CNY1.50 |
| ● |
| 相关链接 |
|
|
|
|
正题名:固体科学中的空间群
索取号:O711/12
 
预约/预借
| 序号 | 登录号 | 条形码 | 馆藏地/架位号 | 状态 | 备注 |
| 1 | 0468485 | 204684859 | 密集书库/ [索取号:O711/12] | 在馆 |